Xây dựng đội ngũ cán bộ, công chức đáp ứng yêu cầu cải cách hành chính nhà nước /

সংরক্ষণ করুন:
গ্রন্থ-পঞ্জীর বিবরন
প্রধান লেখক: Nguyễn Minh Phương.
বিন্যাস: প্রবন্ধ
ভাষা:Vietnamese
বিষয়গুলি:
ট্যাগগুলো: ট্যাগ যুক্ত করুন
কোনো ট্যাগ নেই, প্রথমজন হিসাবে ট্যাগ করুন!
Thư viện lưu trữ: Thư viện Trường Đại học Đà Lạt
LEADER 00860nam a2200277 4500
001 DLU160174608
005 ##20160113
040 # # |a DLU  |b vie 
041 # # |a vie 
044 # # |a vn 
100 # # |a Nguyễn Minh Phương. 
245 # # |a Xây dựng đội ngũ cán bộ, công chức đáp ứng yêu cầu cải cách hành chính nhà nước /  |c Nguyễn Minh Phương. 
653 # # |a Cán bộ 
653 # # |a Công chức 
653 # # |a Cải cách hành chính 
653 # # |a Giai đoạn mới 
773 # # |t Tạp chí Sinh hoạt lý luận  |g Số 1(116), 2013, tr. 43-47 
920 # # |a Phòng Tạp chí -- Trung tâm Thông tin - Thư viện Trường Đại học Đà Lạt 
994 # # |a DLU 
900 # # |a True 
911 # # |a Nguyễn Thị Mai Anh 
925 # # |a G 
926 # # |a A 
927 # # |a BB 
980 # # |a Thư viện Trường Đại học Đà Lạt